| 000 | 01213cam a2200301 a 4500 | ||
|---|---|---|---|
| 001 | 15670659 | ||
| 005 | 20100309121210.0 | ||
| 008 | 090324s2009 pk b 001 0 eng | ||
| 010 | _a 2009360053 | ||
| 020 | _a9780195476354 | ||
| 025 | _aP-E-2009360053; 27; 28; 29 | ||
| 040 |
_aDLC _cDLC |
||
| 043 |
_af------ _aa------ |
||
| 050 | 0 | 0 |
_aHC499 _b.A37 2009 |
| 082 |
_222 _a338.997671 _bAKR |
||
| 100 | 1 |
_aAkram, Ejaz. _913216 |
|
| 245 | 1 | 0 |
_aIdeals and Realities of Regional Integration in the Muslim World : _bThe Case of the Economic Cooperation Organization / _cEjaz Akram. |
| 260 |
_aKarachi : _bOxford University Press, 2009 _c2009. |
||
| 300 |
_axix, 266 p. _c22 cm. |
||
| 504 | _aIncludes bibliographical references (p. [243]-259) and index. | ||
| 610 | 2 | 0 |
_aEconomic Cooperation Organization. _913217 |
| 650 | 0 |
_aRegionalism _zIslamic countries. _913218 |
|
| 650 | 0 |
_aNational security _zIslamic countries. _913219 |
|
| 651 | 0 |
_aIslamic countries _xEconomic integration. _913220 |
|
| 942 |
_2ddc _cBB |
||
| 999 |
_c13805 _d13805 |
||